| 000 | 02068cam a22004574i 4500 | ||
|---|---|---|---|
| 003 | PE-LiUPU | ||
| 005 | 20250731183439.0 | ||
| 008 | 141026s2010 mx rb 001 0 spa d | ||
| 020 | _a9789682433566 | ||
| 035 | _a(Sirsi) i9789682433566 | ||
| 035 | _a(Sirsi) 50760 | ||
| 035 | _a(Sirsi) 50760 | ||
| 082 | 0 | 4 |
_a722.2 _bB17 |
| 100 | 1 | _aBallina Garza, Jorge. | |
| 245 | 1 | 0 |
_aAnálisis histórico de la arquitectura antiguo Egipto / _cJorge Ballina Garza. |
| 264 | 1 |
_aMéxico : _bTrillas, _c1989 |
|
| 300 |
_a213 página : _bilustraciones ; _c21 cm. |
||
| 336 |
_atext _2rdacontent |
||
| 337 |
_aunmediated _2rdamedia |
||
| 338 |
_avolume _2rdacarrier |
||
| 504 | _aBibliografía: páginas 209-[210] | ||
| 505 | 0 | _aLas mil familias -- Cultura -- Mito y pensamiento -- Metodología de trabajo en el proceso de proyecto --Análisis de la arquitectura "significativa" de las civilizaciones antiguas que han estructurado la historia del hombre -- Búsqueda de segu | |
| 526 | _aP158 | ||
| 526 | _aP146 | ||
| 526 | _aP17 | ||
| 526 | _aP12 | ||
| 526 | _aP06 | ||
| 650 | 1 | 4 |
_aArquitectura egipcia _xHistoria. |
| 710 | _aUniversidad Iberoamericana (México, D. F.). | ||
| 859 |
_q67531 _h722.2 _iB17 |
||
| 910 |
_agl _b _cbd _d20130612 |
||
| 942 |
_2ddc _cBOOK |
||
| 949 |
_a722.2 B17 _i67531 _lCCODEBUL1 _mBUL _tLIBRO _o.STAFF. Colección General |
||
| 949 |
_a722.2 B17 _i70665 _lCCODEBUL1 _mBUL _tLIBRO _o.STAFF. Colección General |
||
| 910 | _apeb | ||
| 596 | _a1 | ||
| 999 |
_a722.2 B17 _wDEWEY _c55161 _i67531 _d55161 _e2018-9-6 _f2021-11-9 _g7 _lCCODEBUL1 _mBUL _n3 _p31.00 _r0 _sY _tBOOK _u2015-7-6 _xINGENIERIA _PP06 _0COMPRA _o.STAFF. Colección Ingenieria y Arquitectura |
||
| 999 |
_a722.2 B17 _wDEWEY _c2 _i70665 _d2018-11-19 _e2018-11-15 _f2021-11-9 _g7 _lCCODEBUL1 _mBUL _n12 _p31.00 _q2 _r0 _sY _tBOOK _u2015-7-30 _xINGENIERIA _PP06 _0COMPRA _o.STAFF. Colección General |
||
| 980 |
_81 _gALBERTO SANCHEZ Responsable de Automatización |
||